Deutscher Ort zu nächster Großstadt - Statistiken

Allgemein
  • Dieses Quiz wurde 145 mal gespielt
  • Das Durchschnittsergebnis liegt bei 9 aus 15
Antwortstatistiken
Deutscher Ort Entfernung nächste Großstadt % Korrekt
Oranienburg 28 km Berlin
100%
Flensburg 69 km Kiel
100%
Sylt 133 km Kiel
100%
Landshut 54 km Regensburg
100%
Greifswald 81 km Rostock
100%
Sindelfingen 15 km Stuttgart
100%
Böblingen 16 km Stuttgart
100%
Saarlouis 21 km Saarbrücken
95%
Rosenheim 51 km München
93%
Esslingen am Neckar 10 km Stuttgart
93%
Brandenburg an der Havel 35 km Potsdam
92%
Gießen 51 km Frankfurt am Main
90%
Rastatt 23 km Karlsruhe
90%
Unna 16 km Dortmund
89%
Villingen-Schwenningen 49 km Freiburg im Breisgau
89%
Bietigheim-Bissingen 19 km Stuttgart
89%
Weil am Rhein 48 km Freiburg im Breisgau
88%
Delmenhorst 12 km Bremen
86%
Fürstenfeldbruck 25 km München
85%
Frankfurt (Oder) 80 km Berlin
84%
Norderstedt 17 km Hamburg
83%
Elmshorn 32 km Hamburg
83%
Gütersloh 16 km Bielefeld
82%
Bamberg 35 km Erlangen
82%
Stade 34 km Hamburg
82%
Stralsund 66 km Rostock
82%
Zwickau 33 km Chemnitz
80%
Gera 35 km Jena
80%
Oberursel (Taunus) 10 km Frankfurt am Main
79%
Dachau 17 km München
78%
Straubing 38 km Regensburg
78%
Celle 37 km Hannover
76%
Berchtesgaden 120 km München
76%
Bad Neuenahr-Ahrweiler 21 km Bonn
75%
Suhl 47 km Erfurt
75%
Nienburg (Weser) 46 km Hannover
75%
Pirmasens 29 km Kaiserslautern
75%
Neumünster 29 km Kiel
75%
Lutherstadt Wittenberg 62 km Leipzig
75%
Passau 109 km Regensburg
75%
Görlitz 88 km Dresden
73%
Dessau-Roßlau 45 km Halle (Saale)
73%
Bitburg 25 km Trier
73%
Eberswalde 44 km Berlin
71%
Ratingen 9 km Düsseldorf
71%
Groß-Gerau 13 km Darmstadt
70%
Gotha 24 km Erfurt
70%
Hildesheim 29 km Hannover
70%
Wismar 49 km Rostock
70%
Baden-Baden 31 km Karlsruhe
69%
Rüsselsheim am Main 10 km Mainz
69%
Emden 72 km Oldenburg
69%
Biberach an der Riß 36 km Ulm
69%
Cuxhaven 37 km Bremerhaven
68%
Ansbach 35 km Fürth
67%
Coesfeld 31 km Münster
67%
Lindau (Bodensee) 97 km Ulm
67%
Heidenheim an der Brenz 33 km Ulm
67%
Schweinfurt 35 km Würzburg
67%
Rothenburg ob der Tauber 49 km Würzburg
67%
Herford 15 km Bielefeld
64%
Königswinter 9 km Bonn
64%
Günzburg 22 km Ulm
64%
Bad Homburg vor der Höhe 11 km Frankfurt am Main
63%
Neuwied 12 km Koblenz
63%
Papenburg 55 km Oldenburg
63%
Cottbus 89 km Dresden
62%
Bayreuth 57 km Erlangen
62%
Hanau 11 km Offenbach am Main
62%
Mettmann 14 km Wuppertal
62%
Düren 28 km Aachen
60%
Helgoland 83 km Bremerhaven
60%
Zweibrücken 26 km Saarbrücken
60%
Hoyerswerda 55 km Dresden
59%
Donauwörth 40 km Augsburg
58%
Hattingen (Ruhr) 9 km Bochum
58%
Peine 21 km Braunschweig
58%
Bad Hersfeld 52 km Kassel
58%
Schwerin 55 km Lübeck
58%
Neustadt an der Weinstraße 24 km Ludwigshafen am Rhein
58%
Goslar 28 km Salzgitter
58%
Erkrath 9 km Düsseldorf
56%
Offenburg 53 km Freiburg im Breisgau
56%
Bergheim 22 km Köln
56%
Eschweiler 13 km Aachen
55%
Wilhelmshaven 31 km Bremerhaven
55%
Rheine 39 km Münster
55%
Homburg 26 km Saarbrücken
55%
Ahrensburg 21 km Hamburg
54%
Uelzen 62 km Wolfsburg
54%
Minden 40 km Bielefeld
53%
Hameln 39 km Hannover
53%
Brühl 13 km Köln
53%
Kempten (Allgäu) 84 km Augsburg
50%
Achim 16 km Bremen
50%
Lehrte 17 km Hannover
50%
Viersen 8 km Mönchengladbach
50%
Grevenbroich 14 km Neuss
50%
Lippstadt 29 km Paderborn
50%
Wolfenbüttel 9 km Salzgitter
50%
Marburg 53 km Siegen
50%
Schwetzingen 9 km Heidelberg
47%
Iserlohn 16 km Hagen
46%
Neubrandenburg 94 km Rostock
46%
Tübingen 12 km Reutlingen
45%
Bensheim 21 km Darmstadt
44%
Castrop-Rauxel 7 km Herne
44%
Naumburg (Saale) 29 km Jena
44%
Melsungen 21 km Kassel
44%
Lingen (Ems) 57 km Osnabrück
44%
Gifhorn 17 km Wolfsburg
44%
Lünen 12 km Dortmund
43%
Meerbusch 8 km Neuss
43%
Höxter 42 km Paderborn
43%
Konstanz 93 km Reutlingen
43%
Schwelm 8 km Wuppertal
43%
Fulda 82 km Offenbach am Main
42%
Friedrichshafen 91 km Ulm
42%
Bruchsal 19 km Karlsruhe
41%
Hann. Münden 15 km Kassel
40%
Frankenthal (Pfalz) 7 km Ludwigshafen am Rhein
40%
Marl 9 km Recklinghausen
40%
Kleve 51 km Moers
38%
Plauen 62 km Jena
36%
Stendal 55 km Magdeburg
36%
Nordhorn 65 km Münster
36%
Aschaffenburg 31 km Offenbach am Main
36%
Hilden 11 km Solingen
36%
Mosbach 24 km Heilbronn
35%
Velbert 13 km Wuppertal
35%
Bad Salzuflen 17 km Bielefeld
33%
Bad Kreuznach 34 km Mainz
33%
Erkelenz 15 km Mönchengladbach
33%
Taunusstein 10 km Wiesbaden
33%
Witten 9 km Bochum
31%
Dorsten 16 km Bottrop
31%
Langenfeld (Rheinland) 9 km Leverkusen
31%
Soest 22 km Hamm
29%
Wermelskirchen 5 km Remscheid
29%
Viernheim 10 km Mannheim
25%
Lüdenscheid 19 km Hagen
22%
Bocholt 40 km Oberhausen
22%
Schwerte 10 km Dortmund
20%
Dormagen 12 km Leverkusen
20%
Hennef (Sieg) 14 km Bonn
18%
Wittenberge 92 km Wolfsburg
17%
Heilbad Heiligenstadt 22 km Göttingen
14%
Herten 5 km Recklinghausen
11%
Kamp-Lintfort 8 km Moers
10%
Dinslaken 10 km Oberhausen
0%
Keine übereinstimmenden Quizze gefunden
Verteilung der Resultate
Anzahl Personen mit jedem Resultat
Perzentil nach korrekt beantworteten Fragen
Ihre Resultats-Entwicklung
Sie haben dieses Quiz noch nicht gespielt